| 000 | 00461nam a2200169Ia 4500 | ||
|---|---|---|---|
| 999 |
_c3766 _d3766 |
||
| 003 | OSt | ||
| 005 | 20200821102453.0 | ||
| 008 | 190216s9999||||xx |||||||||||||| ||und|| | ||
| 040 | _coclc | ||
| 082 |
_a542 _bTHO/P |
||
| 100 |
_aThomas, A O _94188 |
||
| 245 | 0 |
_aPractical Chemistry / _cA O Thomas |
|
| 260 |
_bScientific Book Centre: _c2003. _aKannur: |
||
| 300 | _a544p | ||
| 650 | _aChemistry | ||
| 942 |
_cBK _2ddc _h542 _iTHO/P _k542 _mTHO/P |
||